| 000 | 00914nam a2200265 a 4500 | ||
|---|---|---|---|
| 005 | 20200104041539.0 | ||
| 008 | 140310b1996 ck a gr|||| 00| 0 spa d | ||
| 020 | _a9589593607 | ||
| 040 |
_aCO-BoIAVH _cCO-BoIAVH |
||
| 041 | _aspa | ||
| 044 | _ack | ||
| 082 | 4 |
_a333.7071 _bP96p |
|
| 110 | 2 |
_bProyecto Biopacífico _96924 |
|
| 245 | 1 | _aPedagogía para la diversidad un reto del Pacífico colombiano | |
| 260 |
_aBogotá _bProyecto Biopacífico _bMinambiente _bPNUD _bGEF _c1996 |
||
| 300 |
_a100 paginas.; _bilustraciones.; _c23 x 21 cm. |
||
| 650 | 4 |
_aDesarrollo sostenible _9278 |
|
| 650 | 4 |
_aEducacion _zPacifico. _952974 |
|
| 650 | 4 |
_aProblemática ambiental _94035 |
|
| 650 | 4 |
_aChoco _9124 |
|
| 710 |
_a^aColombia. Ministerio del Medio Ambiente _94191 |
||
| 710 |
_a^aPrograma de Naciones Unidas para el Desarrollo _919355 |
||
| 710 |
_a^aFondo Mundial del Medio Ambiente _919356 |
||
| 942 |
_cLIBRO _2ddc |
||
| 999 |
_c3273 _d3273 |
||